Chicago Bears 25/26 Yard Leaders - Statistics

General Stats
  • This quiz has been taken 29 times
  • The average score is 21 of 24
Answer Stats
Passing Yards % Correct
3942
100%
388
100%
22
100%
661
100%
1087
96%
299
96%
2
96%
79
96%
682
96%
347
93%
713
93%
37
93%
652
93%
47
86%
7
86%
783
82%
164
82%
25
79%
25
79%
313
79%
26
75%
87
68%
37
64%
17
61%
No matching quizzes found
Score Distribution
Percent of People with Each Score
Percentile by Number Answered
Your Score History
You have not taken this quiz